000 00280nam a22001337a 4500
008 170930b xxu||||| |||| 00| 0 eng d
020 _a9780618542284
041 _aeng
080 _a37
100 _a47
101 _aEDU
245 _aAT A GLANCE
_cBRANDON, L
942 _2udc
_cBK
999 _c31011
_d31011